000 00383nam a2200145Ia 4500
008 211109s9999||||xx |||||||||||||| ||und||
082 _a821
_bJAM-M
100 _aJames, King
245 0 _aMediaeval Scottish Poetry
260 _bNATIONAL BOOKSTALL
_aKottayam
_c1950
300 _a198p.
630 _xGeneral Stack
650 _aEnglish Litertaure
_vEnglish Poetry
_xEnglish
942 _cBOOK
999 _c35
_d35